000 00314pab a2200145 454500
008 180718b2003 xxu||||| |||| 00| 0 eng d
100 _aSuguna, B.
245 _aThe working girl child
260 _c2003
300 _ap.19-25.
362 _aNov
650 _aGirls
773 _aSocial Welfare
909 _a58726
999 _c58726
_d58726